Guess the 1970s song lyrics #176 - Statistics

General Stats
  • This quiz has been taken 30 times
  • The average score is 116 of 186
Answer Stats
Answer % Correct
the
100%
a
96%
I
96%
love
92%
that
88%
to
88%
you
88%
You
88%
my
83%
When
83%
And
79%
it
79%
no
79%
got
75%
Got
75%
on
75%
with
75%
like
71%
so
71%
at
67%
one
67%
One
67%
had
63%
I'm
63%
I've
63%
know
63%
life
63%
live
63%
Oh
63%
oh
63%
or
63%
Yeah
63%
yeah
63%
ain't
58%
Ain't
58%
am
58%
devil
58%
don't
58%
Runnin
58%
there's
58%
time
58%
tomorrow
58%
all
54%
need
54%
found
50%
more
50%
road
50%
steal
50%
I'll
46%
out
46%
real
46%
simple
46%
Yes
46%
you'd
46%
beg
42%
borrow
42%
call
42%
ah
38%
Ah
38%
gonna
38%
home
33%
livin
33%
only
33%
pace
33%
about
29%
nobody
29%
tell
29%
waitin
29%
kills
25%
lady
25%
waiting
25%
weren't
25%
ya
25%
jumped
21%
Least
21%
lyin
21%
God
17%
god
17%
damn
13%
running
13%
No matching quizzes found
Score Distribution
Percent of People with Each Score
Percentile by Number Answered
Your Score History
You have not taken this quiz